000
00322cam a2200145ua 4500
041
_a
eng
_h
082
_a
320.5
_b
ROU/SO
100
_a
Rousseau, Jean Jaccpues .
245
_a
Social condact : Discourse
260
_a
:
_b
J.M. deut ,
_c
1961.
300
_a
269 ; .
504
_a
942
_c
BK
999
_c
11209
_d
11209